000
00266nam a2200097Ia 4500
001
1140369
005
20250827010059.0
008
250824s9999 xx 000 0 und d
245
0
_a
KARABÖCÜ HOŞ GELDİ
_c
NİRAN ELÇİ
260
_b
GÜNIŞIĞI KİTAPLIĞI YAYINLARI
999
_c
1140369
_d
1140369